000 01006nam a22002057a 4500
003 OSt
005 20231010110753.0
008 231010b ||||| |||| 00| 0 eng d
020 _a0697054918
040 _cWIUC
050 0 0 _aTK6643.G7
100 1 _aGross, Lynne S.
_92544
245 1 4 _aThe new television technologies /
_cLynne Schafer Gross.
250 _a3rd ed.
260 _aDubuque, IA :
_bWm.C. Brown Publishers,
_cc1990.
300 _axiv, 252 p. :
_bill. ;
_c23 cm.
504 _aIncludes bibliographical references
505 _aContents: Introduction -- Traditional distribution processes -- Foundations -- Satellites -- Computers -- New technologies -- Cable tv -- Subscription tv -- Low-power tv -- Multichannel multi point distribution service (mmds) -- Satellite master antenna tv (smatv) -- Direct broadcast satellite -- Videocassette --Videodiscs --Teletext --Video text and data bases -- Reception technologies -- Conclusion -- Implication and interrelationships.
942 _2lcc
_cBK
999 _c10109
_d17609